000 00482nam a2200169 i 4500
001 63261
003 ES-MaACL
005 20230906164821.0
007 t|
008 031205s1908 sp ||||1| spa d
100 1 _aFernández-Shaw, Carlos,
_d1865-1911
_950098
245 1 0 _aPoesía de la Sierra /
_cCarlos Fernández-Shaw.
260 _aMadrid :
_b[s.n.],
_c1908 (
_fTip. de Archivos)
300 _a207 p. ;
_c19 cm.
852 _aES-MaACL
_jF-11001
999 _c63261
_d63261